00330 2200121 4500001002100000005001500021035002400036090002200060245005100082260002700133300003300160990001500193YOGYA00000000008282920140823101850 0010-081400000082546 aDEP 006.696 Adi T aTrik Dahsyat menjadi Animator 3D AndalcAditya aYogyakartabAndic2009 axvi, 140 hlm.bilus.c23 cm. a2009 - 376